000 00424nam a2200181 a 4500
001 10761
003 CO-ViMGA
008 141112s2004 ck r 000 u spa d
020 _a9586333787
040 _aCO-ViMGA
_bspa
_cCO-ViMGA
082 0 4 _a823.3 H133e
100 1 _aHaggard, Henry R.
_914720
245 1 0 _aEllas
260 _aBogotá Rei Andes.1997.
300 _a333p.il
650 1 4 _aNOVELA INGLESA
942 _2ddc
_cBK
999 _c22011
_d22011